000 00947cam a22002535a 4500
001 16000375
005 20170104142552.0
008 091130t2010 flua frb 001 0 eng d
020 _a9781439813713
040 _aDLC
_beng
_cDLC
_dYDX
_dBTCTA
_dUKM
_dYDXCP
_dBWX
_dCDX
_dDEBBG
_dOCL
_dDLC
_dEG-ScBUE
082 0 4 _a004.652
_222
_bTAR
100 1 _aTarkoma, Sasu.
245 1 0 _aOverlay networks :
_btoward information networking /
_cSasu Tarkoma.
260 _aBoca Raton :
_bCRC Press / Taylor & Francis Group,
_cc.2010.
300 _axiii, 245 p. :
_bill. ;
_c26 cm.
504 _aIncludes bibliographical references and index.
650 0 _aInformation networks.
_2BUEsh
_97256
650 0 _aPeer-to-peer architecture (Computer networks)
_2BUEsh
650 7 _aElectronic data processing
_xDistributed processing.
_2BUEsh
_94260
650 7 _aMultimedia communications.
_2BUEsh
_937797
651 _2BUEsh
653 _bCOMSCI
_cJanuary2017
942 _2ddc
999 _c23839
_d23811